Introduction to the study of Indian history (Record no. 151848)
[ view plain ]
| 000 -LEADER | |
|---|---|
| fixed length control field | 00733nam a2200265Ia 4500 |
| 003 - CONTROL NUMBER IDENTIFIER | |
| control field | OSt |
| 005 - DATE AND TIME OF LATEST TRANSACTION | |
| control field | 20221220152959.0 |
| 008 - FIXED-LENGTH DATA ELEMENTS--GENERAL INFORMATION | |
| fixed length control field | 210210b1956 xxu||||| |||| 00| 0 eng d |
| 020 ## - INTERNATIONAL STANDARD BOOK NUMBER | |
| International Standard Book Number | 0861320654 |
| 040 ## - CATALOGING SOURCE | |
| Transcribing agency | AL |
| 041 ## - LANGUAGE CODE | |
| Language code of text/sound track or separate title | eng |
| 082 ## - DEWEY DECIMAL CLASSIFICATION NUMBER | |
| Classification number | 954/176 |
| 100 ## - MAIN ENTRY--PERSONAL NAME | |
| Personal name | Damodar Dharmanand Kosambi |
| 9 (RLIN) | 67049 |
| 245 ## - TITLE STATEMENT | |
| Title | Introduction to the study of Indian history |
| 260 ## - PUBLICATION, DISTRIBUTION, ETC. | |
| Place of publication, distribution, etc. | Bombay |
| Name of publisher, distributor, etc. | Popular Book Depot |
| Date of publication, distribution, etc. | 1956 |
| 650 ## - SUBJECT ADDED ENTRY--TOPICAL TERM | |
| Topical term or geographic name entry element | Heritage of Pre Class Society |
| 9 (RLIN) | 67051 |
| 650 ## - SUBJECT ADDED ENTRY--TOPICAL TERM | |
| Topical term or geographic name entry element | Aryan |
| 9 (RLIN) | 67059 |
| 650 ## - SUBJECT ADDED ENTRY--TOPICAL TERM | |
| Topical term or geographic name entry element | Rise of Magadha |
| 9 (RLIN) | 67060 |
| 650 ## - SUBJECT ADDED ENTRY--TOPICAL TERM | |
| Topical term or geographic name entry element | Village Economy |
| 9 (RLIN) | 67061 |
| 650 ## - SUBJECT ADDED ENTRY--TOPICAL TERM | |
| Topical term or geographic name entry element | Feudalism |
| 9 (RLIN) | 67062 |
| 690 ## - LOCAL SUBJECT ADDED ENTRY--TOPICAL TERM (OCLC, RLIN) | |
| Topical term or geographic name as entry element | Indian History |
| 9 (RLIN) | 67057 |
| 700 ## - ADDED ENTRY--PERSONAL NAME | |
| Personal name | KOSAMBI (Damodar Dharmanand) |
| 9 (RLIN) | 67058 |
| 906 ## - LOCAL DATA ELEMENT F, LDF (RLIN) | |
| a | 025934 |
| 942 ## - ADDED ENTRY ELEMENTS (KOHA) | |
| Source of classification or shelving scheme | Dewey Decimal Classification |
| Koha item type | Book |
| Withdrawn status | Lost status | Damaged status | Not for loan | Collection code | Home library | Current library | Shelving location | Date acquired | Cost, normal purchase price | Total Checkouts | Full call number | Barcode | Date last seen | Price effective from | Koha item type | Source of classification or shelving scheme | Public note |
|---|---|---|---|---|---|---|---|---|---|---|---|---|---|---|---|---|---|
| St Aloysius Library | St Aloysius Library | 02/17/2021 | 0.00 | 954/176 | 025934 | 02/17/2021 | 02/17/2021 | Book | |||||||||
| History | St Aloysius Library | St Aloysius Library | 11/29/2014 | 954 KOSI | D05352 | 12/20/2022 | 12/20/2022 | Donated Books | Dewey Decimal Classification | Donated by V. T. Rajshekar |